000 00250nam a22001097a 4500
082 _a355.02 HER'J
100 _aHERZAG, SHAIAM
_957247
245 _aJANG-A-KUFARA
260 _aRAWALPINDI
_bARMY EDUCATION PRESS
_c1975
300 _a451P
942 _cBK
999 _c567538
_d567538